| 000 | 01340nam0a2200349 4500 | ||
|---|---|---|---|
| 001 | RU\NLR\bibl\987315 | ||
| 005 | 20250614220331.0 | ||
| 010 |
_a5-9524-2263-2 _bВ пер. _95000 |
||
| 021 |
_aRU _b2006-46653 _92326 |
||
| 035 | _a(nilc)RSL-KNO-002920378 | ||
| 035 | _a(NLR Aleph) 000975166 | ||
| 090 |
_a424097 _c424097 |
||
| 100 | _a20060817d2006 |||y0rusy50 ca | ||
| 101 | 0 | _arus | |
| 102 | _aRU | ||
| 105 | _ay ||||||||| | ||
| 106 | _ar | ||
| 200 | 1 |
_aЭнциклопедия молодой семьи _eкопилка полезных советов _fЕлена Гладкая |
|
| 210 |
_aМосква _cЦентрполиграф _d2006 _eУльяновск _gУльяновский Дом печати |
||
| 215 |
_a719 с. _cил. _d26 |
||
| 606 | 1 |
_aДомоводство _jЭнциклопедии _92080563 _3RU\NLR\auth\661256504 |
|
| 610 | 0 | _aПроизводства легкой промышленности --Домоводство (домашнее хозяйство) -- Энциклопедия | |
| 686 |
_aМ79я20 _2rubbk |
||
| 686 | _aМ79я20 | ||
| 700 | 1 |
_aГладкая _bЕ. В. _gЕлена Викторовна _4070 |
|
| 801 | 0 |
_aRU _bРКП _c20060817 _grcr |
|
| 801 | 1 |
_aRU _bРГБ _c20060817 |
|
| 801 | 2 |
_aRU _bNLR _c20060925 _grcr |
|
| 942 | _cBOOK | ||
| 980 | _aNB | ||